Maritime Story: A Study in Labor Management Relations (Record no. 224380)
[ view plain ]
| 000 -LEADER | |
|---|---|
| fixed length control field | 00717nam a22002297a 4500 |
| 005 - DATE AND TIME OF LATEST TRANSACTION | |
| control field | 20220802151224.0 |
| 008 - FIXED-LENGTH DATA ELEMENTS--GENERAL INFORMATION | |
| fixed length control field | 220802b ||||| |||| 00| 0 eng d |
| 040 ## - CATALOGING SOURCE | |
| Transcribing agency | AL |
| 041 ## - LANGUAGE CODE | |
| Language code of text/sound track or separate title | English |
| 082 ## - DEWEY DECIMAL CLASSIFICATION NUMBER | |
| Edition number | 23 |
| Classification number | 331.1168 |
| Item number | GOLM |
| 100 ## - MAIN ENTRY--PERSONAL NAME | |
| Personal name | Joseph P Goldberg |
| 100 ## - MAIN ENTRY--PERSONAL NAME | |
| 9 (RLIN) | 54411 |
| 245 ## - TITLE STATEMENT | |
| Title | Maritime Story: A Study in Labor Management Relations |
| 260 ## - PUBLICATION, DISTRIBUTION, ETC. | |
| Place of publication, distribution, etc. | Cambridge |
| Name of publisher, distributor, etc. | Harvard University Press |
| Date of publication, distribution, etc. | 1958 |
| 300 ## - PHYSICAL DESCRIPTION | |
| Extent | xv,361 p. |
| Other physical details | HB |
| Dimensions | 24x15.5 cm. |
| 650 ## - SUBJECT ADDED ENTRY--TOPICAL TERM | |
| Topical term or geographic name entry element | United States |
| 9 (RLIN) | 54412 |
| 650 ## - SUBJECT ADDED ENTRY--TOPICAL TERM | |
| Topical term or geographic name entry element | Industrial relations |
| 9 (RLIN) | 54413 |
| 650 ## - SUBJECT ADDED ENTRY--TOPICAL TERM | |
| Topical term or geographic name entry element | Merchant mariners--Societies, etc |
| 9 (RLIN) | 54414 |
| 650 ## - SUBJECT ADDED ENTRY--TOPICAL TERM | |
| Topical term or geographic name entry element | Merchant marine |
| 9 (RLIN) | 54415 |
| 650 ## - SUBJECT ADDED ENTRY--TOPICAL TERM | |
| Topical term or geographic name entry element | Industrial sociology |
| 9 (RLIN) | 54416 |
| 700 ## - ADDED ENTRY--PERSONAL NAME | |
| Personal name | GOLDBERG (Joseph P) |
| 9 (RLIN) | 54417 |
| 942 ## - ADDED ENTRY ELEMENTS (KOHA) | |
| Source of classification or shelving scheme | Dewey Decimal Classification |
| Koha item type | George Fernandes Collections |
| Withdrawn status | Lost status | Source of classification or shelving scheme | Damaged status | Not for loan | Collection code | Home library | Current library | Date acquired | Total Checkouts | Full call number | Barcode | Date last seen | Price effective from | Koha item type |
|---|---|---|---|---|---|---|---|---|---|---|---|---|---|---|
| Dewey Decimal Classification | Economics | St Aloysius Library | St Aloysius Library | 03/23/2013 | 331.1168 GOLM | GF01938 | 08/02/2022 | 08/02/2022 | George Fernandes Collections |